Lesarten : Festschrift für Athanasios Kambylis zum 70. Geburtstag : dargebracht von Schülern, Kollegen und Freunden /
Saved in:
| Other Authors: | , , , |
|---|---|
| Format: | Book |
| Language: | German |
| Published: |
Berlin ; New York :
De Gruyter,
1998.
|
| Subjects: | |
| Tags: |
Add Tag
No Tags, Be the first to tag this record!
|
| LEADER | 01216nam a2200349 i 4500 | ||
|---|---|---|---|
| 001 | 007792039-2 | ||
| 005 | 20050319114450.0 | ||
| 008 | 980811s1998 gw a b 010 0 ger | ||
| 010 | |a 98182559 | ||
| 020 | |a 3110158949 | ||
| 035 | 0 | |a ocm40340148 |z ocm40292330 | |
| 035 | 0 | |a ocm40340148 | |
| 040 | |a DLC |c DLC | ||
| 041 | 0 | |a gergre | |
| 043 | |a mm----- |a e-gr--- | ||
| 050 | 0 | 0 | |a PA5103 |b .L47 1998 |
| 245 | 0 | 0 | |a Lesarten : |b Festschrift für Athanasios Kambylis zum 70. Geburtstag : dargebracht von Schülern, Kollegen und Freunden / |c herausgegeben von Ioannis Vassis, Günther S. Henrich, Diether R. Reinsch. |
| 260 | |a Berlin ; |a New York : |b De Gruyter, |c 1998. | ||
| 300 | |a 396 p. : |b ill. ; |c 24 cm. | ||
| 504 | |a Includes bibliographical references. | ||
| 504 | |a "Verzeichnis der Schriften von Athanasios Kambylis": p. [xiii]-xv. | ||
| 546 | |a German and Greek. | ||
| 600 | 1 | 0 | |a Kambylis, Athanasios. |
| 650 | 0 | |a Greek philology, Medieval and late. | |
| 651 | 0 | |a Byzantine Empire |x Civilization. | |
| 651 | 0 | |a Greece |x Civilization. | |
| 700 | 1 | |a Kambylis, Athanasios. | |
| 700 | 1 | |a Vassis, Ioannis. | |
| 700 | 1 | |a Henrich, Günther S. | |
| 700 | 1 | |a Reinsch, Diether. | |
| 988 | |a 20020608 | ||
| 906 | |0 DLC | ||


